STREAMING MEDIA AN INTRODUCTION TO DELIVERING ON DEMAND MEDIYA (Record no. 3168)

MARC details
000 -LEADER
fixed length control field 00436nam a22001697a 4500
003 - CONTROL NUMBER IDENTIFIER
control field OSt
005 - DATE AND TIME OF LATEST TRANSACTION
control field 20210913092343.0
008 - FIXED-LENGTH DATA ELEMENTS--GENERAL INFORMATION
fixed length control field 210913b |||||||| |||| 00| 0 eng d
020 ## - INTERNATIONAL STANDARD BOOK NUMBER
International Standard Book Number 8131208095
040 ## - CATALOGING SOURCE
Transcribing agency HU
082 ## - DEWEY DECIMAL CLASSIFICATION NUMBER
Classification number 006.7'876/FOL
100 ## - MAIN ENTRY--PERSONAL NAME
Personal name JOE FOLLANSBEE
9 (RLIN) 2917
245 ## - TITLE STATEMENT
Title STREAMING MEDIA AN INTRODUCTION TO DELIVERING ON DEMAND MEDIYA
260 ## - PUBLICATION, DISTRIBUTION, ETC.
Place of publication, distribution, etc. NEW DEIHI
Name of publisher, distributor, etc. ELSEVIER
Date of publication, distribution, etc. 2006
300 ## - PHYSICAL DESCRIPTION
Extent 284P
942 ## - ADDED ENTRY ELEMENTS (KOHA)
Source of classification or shelving scheme Dewey Decimal Classification
Koha item type Books like text book referance book
Suppress in OPAC No
Holdings
Withdrawn status Lost status Source of classification or shelving scheme Damaged status Not for loan Home library Current library Shelving location Date acquired Total Checkouts Full call number Barcode Date last seen Copy number Price effective from Koha item type
    Dewey Decimal Classification     Social Library Social Library General Stacks 09/13/2021   006.7'876/FOL SHLIB00000081 09/13/2021 3 09/13/2021 Books like text book referance book
    Dewey Decimal Classification     Social Library Social Library General Stacks 09/13/2021   006.7.876/FOR SHLIB00000080 09/13/2021 2 09/13/2021 Books like text book referance book
    Dewey Decimal Classification     Social Library Social Library General Stacks 09/20/2021   006.7.876 SHLIB 00000079 09/20/2021 1 09/20/2021 Books like text book referance book